000 00279nam a22001337a 4500
008 170609b xxu||||| |||| 00| 0 eng d
020 _a39433163X
041 _aeng
080 _24TH
_a32
100 _a19
101 _aSHP
245 _aCOMMUNISM
_cMEYER, A.G
942 _2udc
_cBK
999 _c16708
_d16708